Statistics for Random Tiny Countries 3#

Click here to take the quiz!

General Stats

  • This quiz has been taken 19 times
  • The average score is 13 of 15

Answers on the Map

Answers color-coded by a green-red scale on the quiz's map according to % correct below.
 

Answer Stats

Answer% Correct
Brazil
100%
Vietnam
100%
Iceland
95%
Libya
95%
Germany
89%
Pakistan
89%
Madagascar
84%
Mongolia
84%
Philippines
84%
Japan
79%
Paraguay
79%
Yemen
79%
Ethiopia
74%
Finland
74%
Syria
58%

Score Distribution

Percentile by Number Answered

Percent of People with Each Score

Your Score History

You have not taken this quiz